skbl

Dr Suryya Kumar Bhuyan Library Web-OPAC
ডঃ সূৰ্য্য
কুমাৰ ভূঞা পুথিভঁৰাল ৱেব-অ'পেক

All Research Scholars are advised to clear the annual library fees to continue using Library Resources, Remote Access, Plagiarism Test and Library Clearance.

Cotton University Book Fair 2026

Student Diversity and Social Inclusion :An Empirical Analysis of Higher Education institutions in India (Record no. 64210)

MARC details
000 -LEADER
fixed length control field 00772nam a2200205Ia 4500
001 - CONTROL NUMBER
control field 63103
008 - FIXED-LENGTH DATA ELEMENTS--GENERAL INFORMATION
fixed length control field 181116n ii |||gr||||Z||||||465
041 ## - LANGUAGE CODE
Language code of text/sound track or separate title 465
082 ## - DEWEY DECIMAL CLASSIFICATION NUMBER
Classification number 370
100 ## - MAIN ENTRY--PERSONAL NAME
Personal name Sabharwa Nidhi S l & Malish C M.
245 #0 - TITLE STATEMENT
Title Student Diversity and Social Inclusion :An Empirical Analysis of Higher Education institutions in India
Statement of responsibility, etc. By Nidhi S sabharwal & C M Malish
Medium Textual Documents
250 ## - EDITION STATEMENT
Edition statement First.
260 ## - PUBLICATION, DISTRIBUTION, ETC.
Place of publication, distribution, etc. New Delhi:
Name of publisher, distributor, etc. Higher Education (CPRHE),
Date of publication, distribution, etc. 2018.
300 ## - PHYSICAL DESCRIPTION
Extent 119pg:
Other physical details Reference Annexure;
Dimensions 35cm.
653 ## - INDEX TERM--UNCONTROLLED
Uncontrolled term Research Paper
653 ## - INDEX TERM--UNCONTROLLED
Uncontrolled term Higher Education
653 ## - INDEX TERM--UNCONTROLLED
Uncontrolled term Student Diversity and Social Inclusion :An Empirical Analysis of Higher Education institutions in India
653 ## - INDEX TERM--UNCONTROLLED
Uncontrolled term Major Section Ref Almaree
942 ## - ADDED ENTRY ELEMENTS (KOHA)
Source of classification or shelving scheme Dewey Decimal Classification
Koha item type Books
Holdings
Withdrawn status Lost status Damaged status Not for loan Collection Home library Current library Shelving location Date acquired Coded location qualifier Total checkouts Full call number Barcode Date last seen Copy number Price effective from Koha item type
          Dr. Suryya Kumar Bhuyan Library Dr. Suryya Kumar Bhuyan Library   16/11/2018 00000   370 Sa 71 St 3923/Gift 14/01/2024 1 16/11/2018 Books

Designed and Maintained by Team SKBL
©1901-2026

Powered by Koha